Análisis financiero (Registro nro. 1063)
[ vista simple ]
| 000 -LEADER | |
|---|---|
| fixed length control field | 01442 a2200217 4500 |
| 001 - CONTROL NUMBER | |
| control field | 22892 |
| 005 - DATE AND TIME OF LATEST TRANSACTION | |
| control field | 20260407155518.0 |
| 008 - FIXED-LENGTH DATA ELEMENTS--GENERAL INFORMATION | |
| fixed length control field | 260407a1980 arg spa d |
| 003 - CONTROL NUMBER IDENTIFIER | |
| control field | AR-UNSa-BCEJYS |
| 040 ## - CATALOGING SOURCE | |
| Original cataloging agency | AR-UNSa-BCEJYS |
| Language of cataloging | spa |
| Transcribing agency | AR-UNSa-BCEJYS |
| 080 ## - UNIVERSAL DECIMAL CLASSIFICATION NUMBER | |
| Universal Decimal Classification number | 658.14 |
| Common auxiliary subdivision | Financiación. Financiación de las empresas. Obtención de capital |
| 041 ## - LANGUAGE CODE | |
| Language code of text/sound track or separate title | spa |
| 100 1# - MAIN ENTRY--PERSONAL NAME | |
| Personal name | Mao, James C.T. |
| 245 10 - TITLE STATEMENT | |
| Title | Análisis financiero |
| 250 ## - EDITION STATEMENT | |
| Edition statement | 4a. ed. |
| 264 #1 - PRODUCTION, PUBLICATION, DISTRIBUTION, MANUFACTURE, AND COPYRIGHT NOTICE | |
| Place of production, publication, distribution, manufacture | Buenos Aires : |
| Name of producer, publisher, distributor, manufacturer | El Ateneo |
| Date of production, publication, distribution, manufacture, or copyright notice | 1980 |
| 300 ## - PHYSICAL DESCRIPTION | |
| Extent | xvii, 558 p. |
| Dimensions | 22 cm. |
| 505 ## - FORMATTED CONTENTS NOTE | |
| Formatted contents note | 1. Naturaleza y alcance de la función financiera - 2. Conceptos analíticos de las decisiones financieras - 3. Fundamentos de la programación lineal - 4. Programación lineal, programación de metas y planeamiento de ganancias - 5. Programación lineal, programación de metas y presupuesto financiero - 6. Deciciones de inversión en condiciones de certeza (I) - 7. Deciciones de inversión en condiciones de certeza (II) - 8. Deciciones de inversión en condiciones de incertidumbre - 9. Análisis de decisiones seleccionadas de inversión - 10. El costo del capital: concepto y medición - 11. Planeamiento de la estructura óptima del capital - 12. Teorías de la valuación y política financiera - 13. Teoría de las decisiones acerca del capital en giro - 14. Enfoque de simulación de las decisiones acerca del capital en giro |
| 590 ## - LOCAL NOTE (RLIN) | |
| Local note | niveau_biblio:m niveau_hierar:0 |
| 942 ## - ADDED ENTRY ELEMENTS (KOHA) | |
| Koha item type | |
| Withdrawn status | Lost status | Damaged status | Not for loan | Home library | Current library | Shelving location | Date acquired | Total checkouts | Full call number | Barcode | Date last seen | Price effective from | Koha item type |
|---|---|---|---|---|---|---|---|---|---|---|---|---|---|
| Biblioteca Prof. Eusebio Cleto del Rey | Biblioteca Prof. Eusebio Cleto del Rey | 07/04/2026 | 658.14 M111 4ed. | L35887 | 07/04/2026 | 07/04/2026 | Libro |